LEADER 01305nam a2200325 a 4500 001 000000165656 003 CaOOAMICUS 005 20180202120112.0 008 180202s2011 it u000 u ita r 020 $a978-88-8257-184-9* 032 $aLibriCat 040 $aPUL$bita 082 04$a259 245 03$aIl guaritore ferito :$bmodello pastorale /$ca cura di Luciano Sandrin. 260 $aTorino :$bEdizioni Camilliane,$c2011. 300 $a119 p. ;$c21 cm. 490 1 $aSalute e salvezza ;$v35 650 4$aCura pastorale.$0(OLS)http://pul/subject/13596 650 4$aPsicologia religiosa.$0(OLS)http://pul/subject/7729 700 1 $aSandrin, Luciano.$0(OLS)http://pul/name/35406 830 0$aSalute e salvezza ;$v35.$0(OLS)http://pul/title/47655 850 $aPUL 852 $aPUL$W1$xSL Religione 3$y85$m259 SANLU 2$j189973$qDDC 21$B193001$CPULBib$Z2$F193001 $H130322 $81 941 1 $a9 960 $aPsicologia della religione$97729 996 $6020$a978-88-8257-184-9*$9(OLS)http://pul/number/163348 996 $6082$a259$9(OLS)http://pul/classification/1775 996 $6245$aIl guaritore ferito :$bmodello pastorale$9(OLS)http://pul/title/205339 996 $6260$aTorino :$bEdizioni Camilliane$9(OLS)http://pul/publisher/62141 LEADER 01420nam a2200313 u 4500 001 000000015478 003 CaOOAMICUS 005 20070226105902.0 008 931115s1982 it u000 u ita u 035 $a10362406 040 $aEFR$bita 100 1 $aBrown, Peter Robert Lamont,$d1935-$0(OLS)http://pul/name/10649 245 10$aGovernanti e intellettuali, popolo di Roma e popolo di Dio :$b(I-VI secolo) /$cPeter Brown, Lellia Cracco Ruggini, Mario Mazza. 260 $aTorino :$bGiappichelli,$c1982. 300 $a145 p. ;$c21 cm 490 1 $aPassatopresente ;$v2 504 $aContains bibliographical references. 650 0$aEmperors$zRome.$2//eng$0(OLS)http://pul/subject/6099 651 0$aRome$xKings and rulers.$2//eng$0(OLS)http://pul/subject/10853 651 0$aRome$xIntellectual life.$2//eng$0(OLS)http://pul/subject/10854 700 1 $aMazza, Mario,$d1935-$0(OLS)http://pul/name/13168 700 1 $aCracco Ruggini, Lellia,$d1931-2021.$0(OLS)http://pul/name/5562 830 0$aPassatopresente ;$v2.$0(OLS)http://pul/title/22206 850 $aPUL 852 $aPUL$W1$xSL Filosofia 1$y2$m106 A 41$j21680$nBK-PRI$b $qStampati$B21680$CPULBib$Z2$F21680 $81 941 1 $a8 961 $aINV: 53509 996 $6245$aGovernanti e intellettuali, popolo di Roma e popolo di Dio :$b(I-VI secolo)$9(OLS)http://pul/title/22205 996 $6260$aTorino :$bGiappichelli$9(OLS)http://pul/publisher/48244